| 000 | 00850nam a2200277Ia 4500 | ||
|---|---|---|---|
| 003 | OSt | ||
| 005 | 20220925193818.0 | ||
| 006 | a|||||r|||| 00| 0 | ||
| 007 | ta | ||
| 008 | 220923b |||||||| |||| 00| 0 eng d | ||
| 020 | _a0521376335 | ||
| 037 | _cGeneral Book | ||
| 040 |
_aRTL _cRTL _beng |
||
| 041 |
_2eng _aeng |
||
| 082 | _aY:393, N2 | ||
| 100 |
_aDrew Paul Ed. _9249459 |
||
| 245 | 0 |
_aTalk at work _b Interaction in institutional settings |
|
| 260 |
_aCambridge _bCambridge University Press _c1992 |
||
| 300 |
_axi, 580p _ccm. |
||
| 490 | _aStudies in Interactional Socio-Linguistics,8 | ||
| 500 | _aBibliography: P 549-71 | ||
| 650 |
_aSocial Communication _9230136 |
||
| 700 |
_a Heritage John Ed. _9249460 |
||
| 942 |
_hY:393, N2 _cGB _2CC |
||
| 999 |
_c527167 _d527167 |
||